Datum a čas kvízu

23 Celkem bodů Celkový počet nahraných bodů na tomto kvízu bez doplňovacích otázek.
4. Pořadí na kvízu Konečné umístění týmu na tomto kvízu.

Zaznamenané odpovědi

# Otázka Odpověď Body Výsledky
1. Centrum alternativní medicíny... AKTIP 0
2. Londýnská metropolitní policie... Ekvádor 0
3. Australský herec vyhrál soudní... Geoffrey Rush 0
4. Na konci března ochranka pražs... Raiffeisenbank 1
5. Jedničkou výběru kapitána Petr... Lucie Šafářová 1
6. V tomto tématu se podíváme na... Všechno bude, Zelená kniha 0.5
5. Jak se jmenuje komediální road... Blbý a blbější 1
8. Komediální road movie Pařba ve... Vo štvorici po opici 0
5. Road movie, v níž se dva bratř... Charlie, Raymond 1
10. Jistou formou road movies jsou... v Argentině 0